000 00463 a2200157 4500
999 _c7370
_d7370
020 _a8129702444
050 _aHD 30.22 KEA 2003
100 _aKeat, Paul G.
_eauthor
245 _aManagerial economics :
_beconomic tools for today's decision makers /
_cPaul G. Keat
250 _a4th
264 _aNew Delhi:
_bPearson education,
_c2003
300 _a760p. :
500 _aIncludes index
650 _aManagerial economics
942 _2lcc
_cBK
_e4th
_h30.22
_iKEA
_k2003